[Event "Plunge op-B 41st"]
[Site "Plateliai"]
[Date "2022.07.22"]
[Round "7"]
[White "Cumacenko, Joris"]
[Black "Saukalaite, Noja"]
[Result "1-0"]
[WhiteElo "1134"]
[BlackElo "1125"]
[PlyCount "77"]
[EventDate "2022.07.18"]
[EventType "swiss"]
[EventRounds "9"]
[EventCountry "LTU"]
[SourceTitle "CBM 209 Extra"]
[Source "ChessBase"]
[SourceDate "2022.09.30"]
[SourceVersion "1"]
[SourceVersionDate "2022.09.30"]
[SourceQuality "1"]

1. e4 e5 2. Nf3 Nc6 3. d4 exd4 4. Bc4 Nf6 5. 0-0 Nxe4 6. Re1 d5 7. Bxd5 Qxd5 8. Nc3 Qf5 9. Nxe4 Be7 10. Nxd4 Nxd4 11. Qxd4 0-0 12. Ng3 Qf6 13. Qe4 Be6 14. Qxb7 Rfd8 15. Qe4 Bc5 16. Qf4 Qxf4 17. Bxf4 Bb6 18. b3 h6 19. Rad1 Ba5 20. Rf1 Bb6 21. h3 Ba5 22. c4 c5 23. Be3 Bb4 24. Ne4 Rdc8 25. Rd6 a5 26. Ra1 Kf8 27. a3 Bf5 28. axb4 Bxe4 29. bxa5 Bb7 30. a6 Ke7 31. Rb6 Bxa6 32. Raxa6 Rxa6 33. Rxa6 Rb8 34. Bxc5+ Kd7 35. b4 Rc8 36. Rd6+ Ke8 37. Rd4 Rb8 38. b5 Rc8 39. b6 1-0

[Event "LTU-ch Amateurs"]
[Site "Kaunas"]
[Date "2020.08.30"]
[Round "6"]
[White "Cumacenko, Joris"]
[Black "Povilaitis, Tomas"]
[Result "0-1"]
[WhiteElo "1115"]
[BlackElo "1906"]
[PlyCount "96"]
[EventDate "2020.08.27"]
[EventType "swiss"]
[EventRounds "7"]
[EventCountry "LTU"]
[SourceTitle "EXT 2022"]
[Source "ChessBase"]
[SourceDate "2021.10.06"]
[SourceVersion "1"]
[SourceVersionDate "2021.10.06"]
[SourceQuality "1"]

1. e4 c5 2. Nf3 Nc6 3. d4 cxd4 4. Nxd4 e5 5. Nb5 d6 6. Be3 Nf6 7. N1c3 a6 8. Na3 b5 9. Nd5 Nxd5 10. Qxd5 Bd7 11. c4 b4 12. Nc2 Qc7 13. Nxb4 Qb7 14. Nxc6 Bxc6 15. Qd2 d5 16. Qc2 d4 17. Bd2 Bxe4 18. Qa4+ Bc6 19. Qc2 Be7 20. Rg1 0-0 21. g3 Be4 22. Qc1 Rab8 23. b3 Bf3 24. Qc2 Bf6 25. Rc1 e4 26. Bf4 Rbd8 27. c5 d3 28. Qc4 Rd4 29. Qc3 Qc6 30. Be3 Rd5 31. Qa5 Rfd8 32. Qd2 g6 33. Bg2 Bd4 34. Bxf3 exf3 35. Bxd4 Rxd4 36. Kd1 Re4 37. Re1 Re2 38. Qa5 Rde8 39. Rxe2 fxe2+ 40. Kd2 Qf6 41. Re1 Qxf2 42. Kxd3 Qf5+ 43. Kc4 Qc2+ 44. Kd5 Qe4+ 45. Kd6 Qe6+ 46. Kc7 Rc8+ 47. Kb7 Qc6+ 48. Ka7 Ra8# 0-1